Kłam, aby wygrać #1 - Statystyki

Ogólne statystyki
  • Ten quiz został rozwiązany 12 517 razy
  • Średni wynik to 15 z 20
Statystyki odpowiedzi
Hint Odpowiedź % Poprawnych
Czy Titanic zatonął? Nie
95%
Czy jesteś delfinem? Tak
92%
Czy człowiek był kiedykolwiek na Plutonie? Tak
91%
Czy Afryka jest krajem? Tak
90%
CZY TO PYTANIE JEST NAPISANE WIELKIMI LITERAMI? Nie
89%
6 + 7 = 13. Czy mam rację? Nie
86%
Czy oddychanie świeżym powietrzem jest niebezpieczne? Tak
86%
Czy Hulk jest różowy, kiedy jest zły? Tak
86%
Czy Algieria to region Hiszpanii? Tak
84%
Czy dzieci są przynoszone przez bociany? Tak
83%
Czy Michael Jackson był Amerykaninem? Nie
77%
Czy Kuba jest największą wyspą świata? Tak
75%
Czy Kleopatra naprawdę istniała? Nie
74%
Czy kurczak ma zęby? Tak
69%
Czy pierwsze pytanie w tym quizie dotyczyło Titanica? Nie
61%
Czy rok przestępny ma 366 dni? Nie
59%
Czy Belgia faktycznie istnieje? Nie
58%
Czy pająki to owady? Tak
55%
Czy Luke jest ojcem Dartha Vadera? Tak
55%
Czy ten quiz ma 20 pytań? Nie
35%
Nie znaleziono quizów pasujących do podanych kryteriów
Rozkład punktacji
Procent ludzi z każdym wynikiem
Percentyl według liczby udzielonych odpowiedzi
Twoja historia wyników
Nie rozwiązałeś tego quizu